01285nac a22003737a 4500001001000000003000900010005001700019008003400036040005400070072000800124090001900132100002700151100001700178100001900195110003800214245010200252260003800354300000900392490007400401500001100475650002600486650003200512650001600544650001900560650001600579650001500595650002300610650002200633650002700655909004700682942001700729999001900746952014600765BR0400084BR-BrBNA20240105122931.0230509b bl.|||m| |||| 00| 0 por d aBR-BrBNAbporcBiblioteca Nacional de Agricultura aH10 a1959 BR04000841 aCavalcante, M. de J.B.1 aSharma, R.D.1 aValentim, J.F.1 aEMBRAPA Acre, Rio Branco (Brasil)1 aNematóides associados à Arachis pintoi e Arachis glabrata cultivados como forrageiras no Acre3 aRio Branco, AC (Brasil): c2001.  a2 p. aComunicado Técnico - EMBRAPA Acre (Brazil)vno. 130xISSN 0100-8668 a9 ref. aLEGUMINOSA FORRAGEIRA aCONSORCIAÇÃO DE CULTURA aNEMATÓIDE aPATOGENICIDADE aGERMOPLASMA aPECUÁRIA aSISTEMA DE PASTEJO aCOBERTURA DO SOLO aCONDIÇÃO AMBIENTAL a202312bLúcia Elandec55dLúcia Elande 2AGRISn0cMS c293367d293367 002AGRIS40708Acervo Gerala41918b41918cAGROBASEl0o1959 BR0400084p1959 BR0400084r2023-12-18yMSePortaria Interministerial nº 164/94